000 00365nam a2200169Ia 4500
100 _aRajaraman/Anand
650 _amining
942 _cBK
366 _f27
654 _amining
245 _aMining of Massive Datasets
260 _bCambridge University Press
_c2012
082 _a5.74
_bRAJ
300 _a315
546 _aENGLISH
_celectronics
999 _c33551
_d33551